Technický pokrok a změny ve struktuře zaměstnanosti : Mikroanalytická studie. SIVO/SRP 1306 /

Salvato in:
Dettagli Bibliografici
Autore principale: Soukup, Jiří (Autore)
Natura: Libro
Lingua:ceco
Pubblicazione: Praha : ÚVTEI, 1975
Soggetti:
Tags: Aggiungi Tag
Nessun Tag, puoi essere il primo ad aggiungerne!!

MARC

LEADER 00000nam a22000003a 4500
001 stu42211
005 20150617225720.5
008 940222s1975----cs------------------cze-d
040 |a STU  |b slo 
041 0 |a cze 
044 |a cs 
080 |a 331.52 
100 1 |a Soukup, Jiří  |4 aut 
245 1 |a Technický pokrok a změny ve struktuře zaměstnanosti :  |b Mikroanalytická studie. SIVO/SRP 1306 /  |c [aut.]Jiří Soukup 
260 |a Praha :  |b ÚVTEI,  |c 1975 
300 |a 63 s 
650 7 |a zamestnanosť  |2 stusub 
650 7 |a štúdie  |2 stusub 
996 |b 284M003363  |c M*4369-1  |l MMKN  |s A  |a 24  |w stu42211_0001